00734naa a2200181 i 45000010005000000030009000050050017000140080039000310400013000700410008000831000125000912450071002162600010002875000042002976550030003397110091003697730092004601001KOSZ 00520180221122756.0 s pl f |000 pol  cKOSZ 005 aeng1 aBANASZAK, Zbigniew.d2003 - .bPolitechnika Koszalińska - Wydział Elektroniki i Informatyki,cKatedra Telekomunikacji10aCLP-based project-driven manufacturing /cZ. Banaszak, M. Zaremba. c2004. aDane z bibliografii załącznikowej. 0aMateriały konferencyjne. aSymposium on Cost Oriented Automationn(7 ;d2004.06.6-9 ;cGatineau, Quebec, Kanada).0 iW :tPrep. of the 7th FAC Symposium on Cost Oriented Automation. -d2004. -gs. 269-274